Statistics for Linguistics with R: a practical introduction

Gespeichert in:
Bibliographische Detailangaben
1. Verfasser: Gries, Stefan Thomas (VerfasserIn)
Format: Buch
Sprache:Englisch
Veröffentlicht: Berlín De Gruyter Mouton 2009
Schlagworte:
Tags: Tag hinzufügen
Keine Tags, Fügen Sie den ersten Tag hinzu!

MARC

LEADER 00000cam a2200000 a 4500
001 UCF8093
003 CL-VaPUC
008 130725e20090000gw |||||||||||||||||eng|d
020 |a 9783110205657 
082 0 4 |a 410.151  |b GRI  |2 21 
100 |a Gries, Stefan Thomas  |e author  |9 570179 
245 1 0 |a Statistics for Linguistics with R: a practical introduction 
300 |a 335 p 
942 |c BK 
945 |d 20130725 00:00:00  |a dcastane 
260 |a Berlín  |b De Gruyter Mouton  |c 2009 
650 7 |a LINGUISTICA MATEMATICA  |2 CL-VaPUC  |9 270484 
650 0 |a Proceso de datos   |9 259776 
650 0 |a Estadística   |9 259535 
583 |a last modification  |c 20130726 05:27:46  |k Rodrigo Vera 
999 |c 352760  |d 352758 
952 |0 0  |1 0  |4 0  |6 410_151000000000000_GRI_2009  |7 0  |8 A  |9 457410  |a FDOPOS  |b BIBEDU  |d 2019-11-22  |i 4990943  |l 1  |o 410.151 GRI 2009  |p 4990943  |r 2025-01-22  |s 2022-07-06  |w 2019-11-22  |y BK  |k DLA